[Event "Athens Iraklion op 25th"]
[Site "Athens"]
[Date "2023.06.19"]
[Round "3"]
[White "Kapnisis, Spyridon"]
[Black "Poulos, Georgios"]
[Result "1-0"]
[WhiteElo "2456"]
[BlackElo "1892"]
[PlyCount "75"]
[EventDate "2023.06.17"]
[EventType "swiss"]
[EventRounds "9"]
[EventCountry "GRE"]
[SourceTitle "CBM 214 Extra"]
[Source "ChessBase"]
[SourceDate "2023.07.31"]
[SourceVersion "1"]
[SourceVersionDate "2023.07.31"]
[SourceQuality "1"]

1. e4 c5 2. Nf3 d6 3. d4 cxd4 4. Nxd4 Nf6 5. Nc3 g6 6. g3 Bg7 7. Bg2 0-0 8. h3 Nfd7 9. Be3 Nc6 10. Qd2 Nc5 11. 0-0-0 Ne6 12. Nde2 Ne5 13. b3 Qa5 14. Kb1 b5 15. Nd5 Qd8 16. Bh6 Bh8 17. Qa5 Qe8 18. f4 Nc6 19. Qxb5 Bd7 20. Qd3 a5 21. e5 a4 22. Nxe7+ Nxe7 23. Bxa8 Qxa8 24. Bxf8 Nxf8 25. Qxd6 axb3 26. axb3 Nf5 27. Qb6 Qf3 28. Rh2 Nxg3 29. Rf2 Qh5 30. Rxd7 Nxe2 31. Rd8 Ng3 32. e6 Bf6 33. Rfd2 Ne4 34. R2d7 Nc3+ 35. Kc1 Qf3 36. Rxf8+ Kxf8 37. Rxf7+ Kg8 38. Qb8+ 1-0

[Event "Nikaia op 29th"]
[Site "Nikaia"]
[Date "2022.09.03"]
[Round "3"]
[White "Poulos, Georgios"]
[Black "Chatzieleftheriou, Andreas"]
[Result "0-1"]
[WhiteElo "1864"]
[BlackElo "2131"]
[PlyCount "98"]
[EventDate "2022.09.01"]
[EventType "swiss"]
[EventRounds "9"]
[EventCountry "GRE"]
[SourceTitle "CBM 210 Extra"]
[Source "ChessBase"]
[SourceDate "2022.11.30"]
[SourceVersion "1"]
[SourceVersionDate "2022.11.30"]
[SourceQuality "1"]

1. e4 c5 2. Nf3 Nc6 3. d4 cxd4 4. Nxd4 Nf6 5. Nc3 d6 6. Bc4 e5 7. Nf5 Be6 8. Qd3 g6 9. Ne3 Bg7 10. b3 0-0 11. Bb2 a6 12. 0-0-0 Nd4 13. f3 Rc8 14. Ne2 Bxc4 15. Nxc4 b5 16. Ne3 d5 17. Nxd4 dxe4 18. fxe4 exd4 19. Qxd4 Qxd4 20. Bxd4 Nxe4 21. Bxg7 Kxg7 22. Rd4 Nc3 23. Kb2 Rfe8 24. Nd1 Ne4 25. Re1 f5 26. Re3 h5 27. h4 g5 28. hxg5 Kg6 29. Nc3 Rxc3 30. Rxc3 Nxc3 31. Kxc3 Re2 32. g3 Rg2 33. Rd6+ Kxg5 34. Rxa6 Rxg3+ 35. Kd2 h4 36. a4 bxa4 37. Rxa4 h3 38. Ra1 Rg2+ 39. Kd3 h2 40. Rh1 f4 41. Ke4 Kg4 42. c4 Kg3 43. c5 Rc2 44. b4 Rc4+ 45. Kd5 Rxb4 46. c6 Rb8 47. Rc1 f3 48. Ke4 Re8+ 49. Kd3 Kg2 0-1

[Event "GRE-chT 49th"]
[Site "Thessaloniki"]
[Date "2022.08.14"]
[Round "4.8"]
[White "Poulos, Georgios"]
[Black "Samakas, Stavros"]
[Result "1-0"]
[WhiteElo "1864"]
[BlackElo "1875"]
[PlyCount "107"]
[EventDate "2022.08.12"]
[EventType "team-swiss"]
[EventRounds "7"]
[EventCountry "GRE"]
[SourceTitle "CBM 209 Extra"]
[Source "ChessBase"]
[SourceDate "2022.09.30"]
[SourceVersion "1"]
[SourceVersionDate "2022.09.30"]
[SourceQuality "1"]
[WhiteTeam "Kallithea"]
[BlackTeam "Kalamarias"]
[WhiteTeamCountry "GRE"]
[BlackTeamCountry "GRE"]

1. e4 e6 2. d4 d5 3. Nc3 Bb4 4. e5 c5 5. a3 Bxc3+ 6. bxc3 Ne7 7. Qg4 Qc7 8. Qxg7 Rg8 9. Qxh7 cxd4 10. Ne2 Nbc6 11. f4 dxc3 12. Qd3 d4 13. Nxd4 Nxd4 14. Qxd4 Bd7 15. Rg1 Nf5 16. Qf2 Qc6 17. Bd3 Qd5 18. g4 Nd4 19. Rg3 Ba4 20. Be3 Qh1+ 21. Qf1 Qxf1+ 22. Kxf1 Nxc2 23. Bxc2 Bxc2 24. Bd4 Rc8 25. Bxc3 Rc4 26. Bd2 Rh8 27. h3 Be4 28. Rc1 b5 29. Kf2 Kd7 30. Rgc3 Rhc8 31. h4 Rxc3 32. Bxc3 Ke8 33. Ke3 Bh7 34. Bd2 Rxc1 35. Bxc1 a5 36. Bd2 Kf8 37. Bxa5 Kg7 38. Bd8 Bc2 39. Kf3 Bd1+ 40. Kg3 Bc2 41. h5 Kh6 42. Kh4 Bd3 43. Be7 Bc2 44. Bf8+ Kh7 45. Kg5 Kg8 46. Be7 Bd1 47. f5 Bb3 48. Kf6 Bd1 49. fxe6 fxe6 50. Kg5 Be2 51. Kh4 Kh7 52. g5 Bd3 53. g6+ Kg8 54. Kg5 1-0

[Event "GRE-ch Univ Students online 1st"]
[Site "Tornelo INT"]
[Date "2022.05.28"]
[Round "3"]
[White "Gkolfinopoulou, Marina"]
[Black "Poulos, Georgios"]
[Result "0-1"]
[WhiteElo "1258"]
[BlackElo "1847"]
[PlyCount "102"]
[EventDate "2022.05.28"]
[EventType "swiss (rapid)"]
[EventRounds "9"]
[EventCountry "GRE"]
[SourceTitle "EXT 2024"]
[Source "ChessBase"]
[SourceDate "2023.10.10"]
[SourceVersion "1"]
[SourceVersionDate "2023.10.10"]
[SourceQuality "1"]

1. e4 c5 2. c3 Nf6 3. e5 Nd5 4. d4 cxd4 5. cxd4 Nc6 6. Nf3 d6 7. Bc4 Nb6 8. Bb3 dxe5 9. dxe5 Qxd1+ 10. Bxd1 Bg4 11. Bf4 e6 12. 0-0 Be7 13. Nbd2 0-0 14. Ne4 Nc4 15. b3 Bxf3 16. Bxf3 N4xe5 17. Bxe5 Nxe5 18. Be2 f5 19. Nd2 Bf6 20. Rac1 Rac8 21. Nc4 Rcd8 22. Nxe5 Bxe5 23. Bc4 Kf7 24. Rfe1 Kf6 25. Bxe6 Kxe6 26. f4 Rd5 27. fxe5 Rf7 28. Kf2 Rxe5 29. Kf3 Rd7 30. Rxe5+ Kxe5 31. Rc5+ Kf6 32. Ke3 g5 33. g3 g4 34. Rc4 h5 35. Rd4 Rxd4 36. Kxd4 Ke6 37. a3 Kd6 38. Kd3 Kd5 39. Ke3 Ke5 40. b4 b5 41. Kd3 f4 42. gxf4+ Kxf4 43. Ke2 h4 44. Kf1 Kf3 45. Kg1 g3 46. hxg3 hxg3 47. Kf1 g2+ 48. Kg1 Kg3 49. a4 bxa4 50. b5 Kf3 51. b6 axb6 0-1

[Event "GRE-ch Univ Students online 1st"]
[Site "Tornelo INT"]
[Date "2022.05.28"]
[Round "5"]
[White "Kazantzidi, Antelina"]
[Black "Poulos, Georgios"]
[Result "0-1"]
[WhiteElo "1128"]
[BlackElo "1847"]
[PlyCount "86"]
[EventDate "2022.05.28"]
[EventType "swiss (rapid)"]
[EventRounds "9"]
[EventCountry "GRE"]
[SourceTitle "EXT 2024"]
[Source "ChessBase"]
[SourceDate "2023.10.10"]
[SourceVersion "1"]
[SourceVersionDate "2023.10.10"]
[SourceQuality "1"]

1. e4 c5 2. Nf3 d6 3. h3 Nf6 4. d3 g6 5. Be2 Bg7 6. Nc3 0-0 7. 0-0 Nc6 8. Nd5 e6 9. Nxf6+ Bxf6 10. c3 Rb8 11. Be3 b5 12. a3 a5 13. Qd2 b4 14. axb4 axb4 15. c4 Bd7 16. Bg5 b3 17. Bxf6 Qxf6 18. Bd1 Rb7 19. Re1 Nd4 20. Nxd4 Qxd4 21. Bf3 Bc6 22. Rab1 Ra8 23. Bd1 d5 24. exd5 exd5 25. Be2 dxc4 26. Red1 Rd8 27. Qc3 Qxc3 28. bxc3 b2 29. f3 Ba4 30. Rd2 cxd3 31. Bxd3 Rxd3 32. Rxd3 Bc2 33. Rxb2 Rxb2 34. Rd8+ Kg7 35. Rc8 Rb1+ 36. Kf2 Rb5 37. c4 Ra5 38. Ke2 Bf5 39. Rc7 Be6 40. Kd3 Ra3+ 41. Ke4 Bxc4 42. Rxc5 Bf1 43. Rc2 Bd3+ 0-1

[Event "GRE-chT 48th"]
[Site "Athens"]
[Date "2021.09.12"]
[Round "7.6"]
[White "Poulos, Georgios"]
[Black "Tsifetakis, Panagiotis"]
[Result "1-0"]
[WhiteElo "1842"]
[BlackElo "1702"]
[PlyCount "47"]
[EventDate "2021.09.07"]
[EventType "team-swiss"]
[EventRounds "7"]
[EventCountry "GRE"]
[SourceTitle "CBM 204 Extra"]
[Source "ChessBase"]
[SourceDate "2021.11.30"]
[SourceVersion "1"]
[SourceVersionDate "2021.11.30"]
[SourceQuality "1"]
[WhiteTeam "Kallytheas"]
[BlackTeam "Ykaryas"]
[WhiteTeamCountry "GRE"]
[BlackTeamCountry "GRE"]

1. e4 e6 2. d4 d5 3. Nc3 Bb4 4. e5 c5 5. a3 Bxc3+ 6. bxc3 Ne7 7. Qg4 Kf8 8. Bd2 Nbc6 9. Nf3 Qc7 10. Bd3 Bd7 11. 0-0 Na5 12. Ng5 Nf5 13. Qh3 Kg8 14. g4 h6 15. Nxf7 Kxf7 16. gxf5 exf5 17. Bxf5 Bxf5 18. Qxf5+ Ke7 19. Qg6 Rhg8 20. Bf4 Nc4 21. Bg3 Raf8 22. Bh4+ Kd7 23. Qg4+ Ke8 24. Qe6+ 1-0

[Event "GRE-chT 48th"]
[Site "Athens"]
[Date "2021.09.11"]
[Round "6.6"]
[White "Rousis, Mihail"]
[Black "Poulos, Georgios"]
[Result "0-1"]
[WhiteElo "2046"]
[BlackElo "1842"]
[PlyCount "60"]
[EventDate "2021.09.07"]
[EventType "team-swiss"]
[EventRounds "7"]
[EventCountry "GRE"]
[SourceTitle "CBM 204 Extra"]
[Source "ChessBase"]
[SourceDate "2021.11.30"]
[SourceVersion "1"]
[SourceVersionDate "2021.11.30"]
[SourceQuality "1"]
[WhiteTeam "Papagou"]
[BlackTeam "Kallytheas"]
[WhiteTeamCountry "GRE"]
[BlackTeamCountry "GRE"]

1. e4 c5 2. c3 Nf6 3. e5 Nd5 4. Nf3 Nc6 5. Bc4 Nb6 6. Bb3 c4 7. Bc2 d6 8. exd6 Qxd6 9. 0-0 Bg4 10. Re1 0-0-0 11. Qe2 f6 12. b3 Ne5 13. Qe4 Nxf3+ 14. gxf3 Bh3 15. bxc4 f5 16. Qh4 Qh6 17. Qxh6 gxh6 18. Kh1 Rg8 19. Rg1 Rxg1+ 20. Kxg1 e6 21. f4 Bd6 22. f3 Bxf4 23. Kf2 Rg8 24. Ke2 Rg2+ 25. Kd3 Rxh2 26. Bb3 h5 27. a4 h4 28. a5 Bf1+ 29. Kd4 Nd7 30. c5 Be5+ 0-1

[Event "GRE-chT 48th"]
[Site "Athens"]
[Date "2021.09.08"]
[Round "3.6"]
[White "Poulos, Georgios"]
[Black "Paouris, Nikolaos"]
[Result "1-0"]
[WhiteElo "1842"]
[BlackElo "1867"]
[PlyCount "97"]
[EventDate "2021.09.07"]
[EventType "team-swiss"]
[EventRounds "7"]
[EventCountry "GRE"]
[SourceTitle "CBM 204 Extra"]
[Source "ChessBase"]
[SourceDate "2021.11.30"]
[SourceVersion "1"]
[SourceVersionDate "2021.11.30"]
[SourceQuality "1"]
[WhiteTeam "Kallytheas"]
[BlackTeam "Keefysyas"]
[WhiteTeamCountry "GRE"]
[BlackTeamCountry "GRE"]

1. e4 e5 2. Nf3 Nc6 3. Bc4 Bc5 4. b4 Bb6 5. a4 a6 6. Nc3 Nf6 7. Nd5 Nxe4 8. Nxb6 cxb6 9. Qe2 Nd6 10. 0-0 0-0 11. Bb3 e4 12. Ne1 Nd4 13. Qe3 Nxb3 14. cxb3 Re8 15. Bb2 Nf5 16. Qc3 d5 17. Nc2 Be6 18. d3 Qg5 19. dxe4 Rac8 20. f4 Qh6 21. Qd2 dxe4 22. Ne3 Qg6 23. Nxf5 Bxf5 24. Rfe1 h5 25. Rac1 Rcd8 26. Qf2 Bh3 27. Rc3 e3 28. Qg3 Qxg3 29. hxg3 Bxg2 30. Kxg2 Rd2+ 31. Kf3 Rxb2 32. Rexe3 Rxe3+ 33. Kxe3 Kh7 34. Kd4 Kg6 35. a5 b5 36. Kc5 Kf5 37. Kb6 Kg4 38. Kxb7 f6 39. Kxa6 g5 40. fxg5 fxg5 41. Kxb5 h4 42. gxh4 gxh4 43. a6 h3 44. a7 Ra2 45. Kb6 h2 46. Rc1 Kg3 47. Kb7 Rc2 48. Rh1 Kg2 49. Rxh2+ 1-0

[Event "Nikaia op 28th"]
[Site "Nikaia"]
[Date "2021.08.25"]
[Round "5"]
[White "Karagiannis, Athanasios"]
[Black "Poulos, Georgios"]
[Result "1-0"]
[WhiteElo "2153"]
[BlackElo "1801"]
[PlyCount "83"]
[EventDate "2021.08.21"]
[EventType "swiss"]
[EventRounds "7"]
[EventCountry "GRE"]
[SourceTitle "CBM 204 Extra"]
[Source "ChessBase"]
[SourceDate "2021.11.30"]
[SourceVersion "1"]
[SourceVersionDate "2021.11.30"]
[SourceQuality "1"]

1. g3 Nf6 2. Bg2 d5 3. Nf3 g6 4. d4 Bg7 5. c4 dxc4 6. Qa4+ c6 7. Qxc4 0-0 8. 0-0 Nbd7 9. Nc3 Nb6 10. Qb3 Bf5 11. a4 a5 12. Rd1 Nbd5 13. Nxd5 Nxd5 14. Qxb7 Qd6 15. Qb3 Nb4 16. Bf4 Bc2 17. Qc4 Qd5 18. Qxd5 cxd5 19. Rdc1 Rfc8 20. Ne5 Bb3 21. Ra3 Rxc1+ 22. Bxc1 Bd1 23. e3 Bxe5 24. dxe5 e6 25. Bd2 Rb8 26. Ra1 Bb3 27. Bf1 Nc2 28. Rb1 Bxa4 29. Bxa5 Bb3 30. Rc1 d4 31. Bc7 Rc8 32. Bd6 dxe3 33. fxe3 Kg7 34. Kf2 h5 35. Bd3 f5 36. h4 Kf7 37. e4 Ke8 38. exf5 exf5 39. Ba6 Ra8 40. Bb7 Ra1 41. Bc6+ Kd8 42. e6 1-0

[Event "GRE-chT Online Rapid op 1st"]
[Site "Tornelo INT"]
[Date "2021.02.21"]
[Round "6.8"]
[White "Chasouraki, Chrysi"]
[Black "Poulos, Georgios"]
[Result "1/2-1/2"]
[WhiteElo "1336"]
[BlackElo "1822"]
[PlyCount "146"]
[EventDate "2021.02.20"]
[EventType "team-swiss (rapid)"]
[EventRounds "9"]
[EventCountry "GRE"]
[SourceTitle "EXT 2023"]
[Source "ChessBase"]
[SourceDate "2022.10.05"]
[SourceVersion "1"]
[SourceVersionDate "2022.10.05"]
[SourceQuality "1"]

1. e4 c5 2. Nf3 d6 3. d4 cxd4 4. Nxd4 Nf6 5. Nc3 g6 6. Be3 Bg7 7. f3 0-0 8. Qd2 Nc6 9. 0-0-0 d5 10. Nxc6 bxc6 11. exd5 Nxd5 12. Nxd5 cxd5 13. Qxd5 Qc7 14. Qc5 Qb7 15. Bd4 Be6 16. Bxg7 Kxg7 17. Qc3+ Kg8 18. Bc4 Rfc8 19. Qb3 Qxb3 20. Bxb3 Bxb3 21. axb3 Rc7 22. Rd3 Kg7 23. Rhd1 e5 24. c4 a5 25. Rd5 Kf6 26. Rb5 a4 27. Kc2 Kf5 28. Rdd5 f6 29. g3 g5 30. Kc3 axb3 31. Kxb3 Ra1 32. Kb4 Rf1 33. g4+ Kf4 34. Rd6 Rf7 35. Rbb6 Rxf3 36. Rxf6+ Rxf6 37. Rxf6+ Kxg4 38. Rd6 e4 39. c5 e3 40. Rd1 e2 41. Re1 Rf4+ 42. Kc3 Kf3 43. Kd3 Re4 44. c6 Re6 45. c7 Rd6+ 46. Kc2 Rc6+ 47. Kd2 Rxc7 48. Rxe2 Rd7+ 49. Ke1 Rb7 50. Rf2+ Kg4 51. Rg2+ Kh4 52. Kf1 g4 53. Ke1 h5 54. Kf1 Kh3 55. Kg1 Rc7 56. Rg3+ Kh4 57. b4 Rc1+ 58. Kf2 Rb1 59. Rc3 Rxb4 60. Kf1 Rb1+ 61. Kg2 Rb2+ 62. Kg1 Re2 63. Rg3 Kg5 64. Rg2 Rxg2+ 65. Kxg2 Kf4 66. Kf2 h4 67. Ke2 Ke4 68. Kf2 Kd3 69. Kf1 Ke3 70. Kg1 Kf3 71. Kh1 g3 72. h3 g2+ 73. Kg1 Kg3 1/2-1/2

[Event "GRE-chT Online Rapid op 1st"]
[Site "Tornelo INT"]
[Date "2021.02.20"]
[Round "2.4"]
[White "Sgouros, Nikolaos"]
[Black "Poulos, Georgios"]
[Result "1/2-1/2"]
[WhiteElo "1775"]
[BlackElo "1822"]
[PlyCount "76"]
[EventDate "2021.02.20"]
[EventType "team-swiss (rapid)"]
[EventRounds "9"]
[EventCountry "GRE"]
[SourceTitle "EXT 2023"]
[Source "ChessBase"]
[SourceDate "2022.10.05"]
[SourceVersion "1"]
[SourceVersionDate "2022.10.05"]
[SourceQuality "1"]

1. e4 c5 2. Nc3 Nc6 3. g3 g6 4. Bg2 Bg7 5. d3 d6 6. Nge2 Rb8 7. 0-0 b5 8. a3 a5 9. Rb1 b4 10. axb4 axb4 11. Nd5 e6 12. Ne3 Nge7 13. Bd2 0-0 14. c3 Ba6 15. c4 Nd4 16. Nxd4 cxd4 17. Nc2 Nc6 18. b3 Qc7 19. f4 f5 20. Qe1 Rfe8 21. Nxb4 Nxb4 22. Bxb4 e5 23. Bd2 Bb7 24. fxe5 Bxe5 25. Bf4 d5 26. cxd5 Bxd5 27. Bxe5 Rxe5 28. Qf2 fxe4 29. Qxd4 Qb6 30. Qxb6 Rxb6 31. dxe4 Bxe4 32. Bxe4 Rxe4 33. Rf2 Rbb4 34. Kg2 Re3 35. Rf3 Re2+ 36. Rf2 Re3 37. Rf3 Re2+ 38. Rf2 Re3 1/2-1/2

[Event "Ambelokipi op 177th"]
[Site "Athens"]
[Date "2020.10.21"]
[Round "6"]
[White "Poulos, Georgios"]
[Black "Papadimitriou, Loukas"]
[Result "1-0"]
[WhiteElo "1806"]
[BlackElo "2051"]
[PlyCount "37"]
[EventDate "2020.09.16"]
[EventType "swiss"]
[EventRounds "7"]
[EventCountry "GRE"]
[SourceTitle "EXT 2024"]
[Source "ChessBase"]
[SourceDate "2023.10.10"]
[SourceVersion "1"]
[SourceVersionDate "2023.10.10"]
[SourceQuality "1"]

1. e4 d6 2. d4 Nf6 3. Nc3 e5 4. dxe5 dxe5 5. Qxd8+ Kxd8 6. Bg5 Be6 7. f4 exf4 8. 0-0-0+ Kc8 9. e5 h6 10. Bxf4 Ng4 11. Ne4 Nd7 12. Nf3 g5 13. h3 gxf4 14. hxg4 Bxg4 15. Neg5 Bxf3 16. gxf3 Bg7 17. Nxf7 Rf8 18. e6 Nf6 19. e7 1-0

[Event "Ambelokipi op 177th"]
[Site "Athens"]
[Date "2020.09.30"]
[Round "3"]
[White "Nemtsas, Hristoforos"]
[Black "Poulos, Georgios"]
[Result "1/2-1/2"]
[WhiteElo "1763"]
[BlackElo "1806"]
[PlyCount "40"]
[EventDate "2020.09.16"]
[EventType "swiss"]
[EventRounds "7"]
[EventCountry "GRE"]
[SourceTitle "EXT 2024"]
[Source "ChessBase"]
[SourceDate "2023.10.10"]
[SourceVersion "1"]
[SourceVersionDate "2023.10.10"]
[SourceQuality "1"]

1. d4 Nf6 2. c4 g6 3. Nc3 d5 4. Nf3 Bg7 5. Qb3 dxc4 6. Qxc4 0-0 7. e4 a6 8. e5 Nfd7 9. Ng5 Nb6 10. Qc5 Nc6 11. Be3 h6 12. Nf3 Be6 13. Be2 Nd5 14. Nxd5 Qxd5 15. Qc1 Kh7 16. 0-0 Rac8 17. Bd1 Qc4 18. Bb3 Qxc1 19. Rfxc1 Bxb3 20. axb3 e6 1/2-1/2